1eHGGSP - La puissance américaine - Statistiques

Statistiques générales
  • Ce quiz a été pris 93 fois
  • Le résultat moyen est 22 sur 39
Statistiques - réponses
Question Réponse % Correct
Quelle ville peut être qualifiée de "capitale du monde" ? New-York
98%
Quelle est la capitale des états-Unis ? Washington DC
98%
Comment dénomme-t-on la résidence présidentielle, haut lieu du pouvoir politique américain ? Maison-Blanche
93%
Quelle organisation internationale, haut lieu de la politique mondiale, y possède son siège ? ONU
93%
Quelle ville est considérée l'épicentre cinématographique du monde ? Los Angeles
87%
De quelle puissance les états-Unis étaient-ils une colonie ? Royaume-Uni / Angleterre
85%
Quelle puissance européenne leur apporte notamment une aide décisive ? la France
80%
Quelle rue peut être considérée comme le temple du commerce mondial et symbole du capitalisme américain ? Wall Street
80%
Cela est une composante de quelle "type" de puissance selon J. Nye. Soft Power
75%
VRAI - FAUX : Cette concurrence se voit notamment dans un budget militaire égal. FAUX
72%
VRAI - FAUX : Ces polarisations internes fragilisent le soft power américain. VRAI
72%
VRAI - FAUX : Les états-Unis acceptent ce refus de la communauté internationale. Vrai
70%
Quel président américain actuel symbolise cela ? Donald Trump
69%
Quand obtiennent-ils leur indépendance ? 1776
67%
Quel état s'affiche comme le principal concurrent des états-Unis au XXIe siècle ? la Chine
67%
VRAI - FAUX : Ces contestations, interne et externe, ne font plus des états-unis la première puissance du monde. FAUX
66%
Quel pays s'oppose aux états-Unis pour empêcher l'intervention américaine dans le cadre d'une mission de l'ONU ? France
62%
Quelle organisation internationale voit le jour à la sortie de la guerre sous l'impulsion des américains ? ONU
62%
Quelle est la date de l'attaque terroriste du world trade center ? 11 Septembre 2001
61%
Quel pôle d'industrie se situe également en Californie ? Silicon Valley
61%
En 2003, quel pays est ciblé par les USA comme possible détenteur d'arme de destruction massive ? Irak
57%
Contre quel état est orienté cette alliance ? URSS
56%
Quel événement symbolise le succès américain lors de la guerre froide en 1989 ? Chute du mur de Berlin
54%
Quel président démocrate décide l'intervention américaine lors de la Seconde Guerre mondiale ? F.D Roosevelt
52%
Quelle organisation politico-militaire voit le jour en 1949 ? OTAN
52%
Paradoxalement, quel homme politique défend l'idée de ne jamais faire d'alliiance durable ? Washington
51%
Quel sigle désigne les nouveaux géants du numérique de ce pays, pensés pour concurrencer les GAFAM ? BATX
44%
Sous son deuxième mandat, quelle ville est au prise à une contestation populaire importante à la suite de la mort de deux individus ? Minneapolis
44%
Quel président théorise le fait que les états-Unis ne doivent pas prendre part dans la politique européen mais uniquement se soucier du continent américain ? La doctrine Monroe
39%
Quel président démocrate décide l'intervention américaine lors de la Première Guerre mondiale ? Woodrow Wilson
34%
Comment appelle-t-on la période d'expansion coloniale des états-Unis au détriment des populations amérindiennes ? la conquête de l'ouest / La destinée manifeste
33%
Quel slogan symbolise ce repli américain ? "America First"
28%
Quel partenaire traditionnel est notamment ciblé la puissance américaine ? Europe / Danemark
25%
Cette organisation est le symbole de quelle tendance de la politique américaine. Multilatéralisme
25%
de "quoi" les états-Unis s'affichent-ils comme les défenseurs ? Monde libre
23%
Quelle tendance politique américaine est symbolisée par cette doctrine ? Isolationnisme
21%
Quel adjectif accompagne le terme "diplomatie" pour désigner ce mouvement ? transactionnelle
15%
Quel groupe de pays, se réunissant annuellement, concurrence le G7 traditionnel incarné par les USA ? G7
13%
Quelle tendance politique américaine est symbolisée par cela ? Interventionnisme
11%
Aucun quiz correspondant
Distribution des résultats
% des personnes avec chaque résultat
Percentile par nombre de réponses
Votre historique - résultats
Vous n’avez pas pris ce quiz